| 000 | 00594nam a2200205Ia 4500 | ||
|---|---|---|---|
| 008 | 131103s9999 xx 000 0 und d | ||
| 040 | _aLoreto College | ||
| 041 | _aEnglish | ||
| 082 |
_a151.2/THO _bLCBkB/504 |
||
| 100 | _aThorndike, Robert L. | ||
| 245 |
_aMeasurement and evaluation in psychology and education _cRobert L. Thorndike and Elizabeth Hagen |
||
| 250 | _a3rd ed | ||
| 260 |
_aNew Delhi _bWley Eastern _c1970 |
||
| 300 |
_aviii,705p _c 22cm |
||
| 504 | _aIncludes index | ||
| 650 | _aPsychology | ||
| 700 | _aHagen, Elizabeth | ||
| 850 | _aLCBkB/151.2/THO | ||
| 942 | _cBK | ||
| 999 |
_c35249 _d85728 |
||